00446nam a2200157Ia 4500008004100000020001400041082001400055100002000069245003400089250000800123260003700131300003000168500001900198600002100217650005000238240925s9999 xx 000 0 und d a789718219 a005.3 BLA aBlain, Jonathan 0aSpecial Edition Using SAP R/3 a3rd aIndiana:bQUE Publishingc,1999. axxvii,512p.bNAfOriginal aIncludes Index aComputer Science aComputer science, information & general works